000 00733 a2200193 4500
010 _aENG-85412
020 _c15.00
_a8172084633
035 _aEN-68945
037 _bD.B.Act / Pub
082 1 4 _a230.52
090 _c2458
_d2458
100 1 _aSathya Sai Baba
245 1 _aAti rudra maha yajna
_cby Sathya Sai Baba
_bdivine discourses from 9th to 19th Aug. 2006
260 _aPrasanthi Nilayam
_bSri Sathya Sai Books & Publications Trust
_c2006
270 _aAnantapur Disitrict,
_bPrasanthi Nilayam , Andhra Pradesh
_e515 134
_k091-08555-287375
_l091-08555-287236
300 _a121 p.
_c18 cm. (Pbk.)
942 _adpl
_cEN
_k230.52 / SAT
999 _c2417
_d2417